000 00378nam a2200145Ia 4500
008 210312s9999||||xx |||||||||||||| ||und||
041 _aosm
050 _aBP75.27
050 _bL88.H39
100 _aLütfullah Ahmet
245 0 _aHayat-ı Hazret-i Muhammed
260 _c1940 - 1941
500 _a3.-4. cilt
650 _aDin--İslam dini--Hz. Muhammed Biyografi--Hz. Muhammed
999 _c22025
_d22025